[Event "North Region-chB"]
[White "Jimenez Giraldo, Juan Pablo"]
[Black "Pabon Sarmiento, Juan Pablo"]
[Site "Cartagena"]
[Round "1.2"]
[Result "0-1"]
[Date "2012.04.19"]
[WhiteElo "1356"]
[BlackElo "1978"]
[PlyCount "66"]
[EventDate "2012.04.19"]
[EventType "swiss"]
[EventRounds "6"]
[EventCountry "COL"]
[SourceTitle "EXT 2024"]
[Source "ChessBase"]
[SourceDate "2023.10.10"]
[SourceVersion "1"]
[SourceVersionDate "2023.10.10"]
[SourceQuality "1"]

1. e4 c5 2. Nf3 d6 3. Be2 Nf6 4. 0-0 g6 5. d4 cxd4 6. Nxd4 Nxe4 7. Bf4 e5 8. Bb5+ Bd7 9. Bxd7+ Nxd7 10. Be3 exd4 11. Bxd4 Ndf6 12. Qd3 Nc5 13. Qe3+ Qe7 14. Bxf6 Qxe3 15. fxe3 Rg8 16. Nc3 Nd7 17. Nd5 Rc8 18. Rfc1 Rc5 19. e4 Rxd5 20. exd5 Nxf6 21. Re1+ Kd7 22. Rad1 Bg7 23. b4 b5 24. c3 Ng4 25. Re2 Bxc3 26. Rc1 Bxb4 27. Rb1 a5 28. Rc2 Bc5+ 29. Kh1 Nf2+ 30. Kg1 Ng4+ 31. Kh1 Nf2+ 32. Kg1 Re8 33. Rxb5 Re1# 0-1